| 000 | 00448nam a2200157Ia 4500 | ||
|---|---|---|---|
| 008 | 210210b1977 xxu||||| |||| 00| 0 eng d | ||
| 082 | _a321.80954 BOMI | ||
| 100 | _aBOMBWALL (K R). | ||
| 245 | _aIndian constitution & modern Indian political thinkers. | ||
| 250 | _a | ||
| 260 |
_aAmbala Cantt. _bModern Publications. _c1977 |
||
| 300 | _a458 | ||
| 650 | _aIndian constitution | ||
| 690 | _aIndian Constitution & Government | ||
| 906 | _aSG00269 | ||
| 999 |
_c111961 _d111961 |
||